[Event "Monarch Assurance Isle of Man 4th"]
[Site "Port Erin IOM"]
[Date "1995.10.08"]
[Round "2"]
[White "Gibeon, David"]
[Black "Engqvist, Thomas"]
[Result "0-1"]
[WhiteElo "2075"]
[BlackElo "2405"]
[PlyCount "78"]
[EventDate "1995.10.07"]
[EventType "swiss"]
[EventRounds "9"]
[EventCountry "IOM"]
[SourceTitle "BritBase"]

1. d4 Nf6 2. Nf3 e6 3. e3 b6 4. Nbd2 Bb7 5. Bd3 c5 6. O-O d5 7. b3 Nc6 8. Bb2
Qc7 9. Qe2 O-O-O 10. a4 Bd6 11. Ba6 Rhg8 12. Rfb1 Ne4 13. a5 Nxd2 14. Bxb7+
Qxb7 15. Nxd2 Nxa5 16. dxc5 Bxc5 17. Bc3 Nc6 18. b4 Bd6 19. b5 Ne7 20. Bb4 Kb8
21. Qh5 Nf5 22. Bxd6+ Nxd6 23. Nf3 Ka8 24. Nd4 Rc8 25. Ra2 g6 26. Qf3 Nc4 27.
Rba1 Rc7 28. Nc6 a5 29. e4 Rd7 30. exd5 exd5 31. Rd1 Re8 32. h3 Re6 33. Rxd5
Nd2 34. Qd3 Re1+ 35. Kh2 Rxd5 36. Qc3 Nf1+ 37. Kg1 Nd2+ 38. Kh2 Qc7+ 39. g3 Kb7
0-1

[Event "Monarch Assurance Isle of Man 4th"]
[Site "Port Erin IOM"]
[Date "1995.10.08"]
[Round "2"]
[White "Hartman, Christer"]
[Black "Nicholson, John"]
[Result "1-0"]
[WhiteElo "2345"]
[BlackElo "2065"]
[PlyCount "57"]
[EventDate "1995.10.07"]
[EventType "swiss"]
[EventRounds "9"]
[EventCountry "IOM"]
[SourceTitle "BritBase"]

1. e4 c5 2. Nf3 e6 3. d4 cxd4 4. Nxd4 Nf6 5. Nc3 d6 6. Be2 Be7 7. O-O O-O 8. f4
Nc6 9. Kh1 a6 10. a4 Qc7 11. Be3 Bd7 12. Nb3 Na5 13. e5 Ne8 14. Nxa5 Qxa5 15.
Ne4 d5 16. Nd2 Rc8 17. c3 f5 18. Qe1 g6 19. Nb3 Qd8 20. Qf2 Bh4 21. Qg1 Ng7 22.
Nc5 Bc6 23. b4 Qe8 24. Rfb1 b6 25. Nxa6 Bxa4 26. Bxb6 Rxc3 27. b5 Bc2 28. Rc1
Qc8 29. Bd4 1-0

[Event "Monarch Assurance Isle of Man 4th"]
[Site "Port Erin IOM"]
[Date "1995.10.08"]
[Round "2"]
[White "Kristensen, Bjarke"]
[Black "Khenkin, Igor"]
[Result "0-1"]
[WhiteElo "2440"]
[BlackElo "2555"]
[PlyCount "40"]
[EventDate "1995.10.07"]
[EventType "swiss"]
[EventRounds "9"]
[EventCountry "IOM"]
[SourceTitle "BritBase"]

1. d4 d5 2. c4 c6 3. Nf3 dxc4 4. e3 b5 5. Ne5 Bb7 6. b3 cxb3 7. Qxb3 e6 8. Nc3
a6 9. Ne4 Nd7 10. Nxd7 Qxd7 11. Ba3 Nf6 12. Bxf8 Nxe4 13. Bxg7 Rg8 14. Be5 f6
15. Bf4 O-O-O 16. Bd3 e5 17. Bxe4 exf4 18. Rc1 Kb8 19. Rc5 Rge8 20. Qc2 fxe3
0-1

[Event "Monarch Assurance Isle of Man 4th"]
[Site "Port Erin IOM"]
[Date "1995.10.08"]
[Round "2"]
[White "Pliester, Leon"]
[Black "Conlon, Joseph P"]
[Result "1-0"]
[WhiteElo "2375"]
[BlackElo "2040"]
[PlyCount "97"]
[EventDate "1995.10.07"]
[EventType "swiss"]
[EventRounds "9"]
[EventCountry "IOM"]
[SourceTitle "BritBase"]

1. Nf3 Nf6 2. g3 g6 3. Bg2 Bg7 4. O-O O-O 5. d3 d5 6. Nbd2 Nc6 7. c3 e5 8. Qa4
Nd7 9. Rd1 Nb6 10. Qc2 Be6 11. Nb3 Qe7 12. Ng5 Bf5 13. e4 Bg4 14. Re1 d4 15.
cxd4 Nb4 16. Qd2 h6 17. a3 Na6 18. Nf3 Bxf3 19. Bxf3 exd4 20. Na5 c5 21. e5
Rab8 22. b3 Rfd8 23. Bb2 Nd5 24. Rac1 Qe6 25. Bg2 Kh7 26. Nc4 Bf8 27. Qe2 b5
28. Nd2 b4 29. axb4 Rxb4 30. Qf1 Nac7 31. h4 Qb6 32. h5 Ne6 33. hxg6+ fxg6 34.
Qe2 Be7 35. Be4 Ng5 36. Bg2 Ne6 37. Rc2 Kg7 38. Nc4 Qc6 39. Nd6 Bxd6 40. exd6
Rxd6 41. Qe5+ Kf7 42. f4 Qd7 43. f5 gxf5 44. Qxf5+ Nf6 45. Rf2 Qd8 46. Bd5 Qe7
47. Ba3 Rbb6 48. Bc4 Rdc6 49. Ref1 1-0

[Event "Monarch Assurance Isle of Man 4th"]
[Site "Port Erin IOM"]
[Date "1995.10.08"]
[Round "2"]
[White "Spanton, Timothy"]
[Black "Hansen, Soren Bech"]
[Result "0-1"]
[WhiteElo "2060"]
[BlackElo "2295"]
[PlyCount "74"]
[EventDate "1995.10.07"]
[EventType "swiss"]
[EventRounds "9"]
[EventCountry "IOM"]
[SourceTitle "BritBase"]

1. e4 c5 2. Nc3 Nc6 3. Nge2 Nf6 4. g3 g6 5. Bg2 Bg7 6. O-O O-O 7. d3 d6 8. h3
Rb8 9. f4 Ne8 10. g4 b5 11. Ng3 b4 12. Nd5 Nc7 13. Ne3 a5 14. h4 a4 15. g5 a3
16. Rb1 axb2 17. Bxb2 Nd4 18. Ng4 Bxg4 19. Qxg4 Ra8 20. e5 Rxa2 21. Bxd4 cxd4
22. exd6 Qxd6 23. Rf2 Nd5 24. Bxd5 Qxd5 25. Rxb4 Ra1+ 26. Kh2 Rc1 27. Rc4 e6
28. Rf1 Rxf1 29. Nxf1 f5 30. Qg2 Qd6 31. Qf3 e5 32. fxe5 Qxe5+ 33. Kh3 Re8 34.
Qg3 Qe2 35. Qg2 Qe1 36. Ra4 Qd1 37. Ra8 Qg4+ 0-1

[Event "Monarch Assurance Isle of Man 4th"]
[Site "Port Erin IOM"]
[Date "1995.10.08"]
[Round "2"]
[White "Stuart, E Leslie"]
[Black "Buckley, Graeme"]
[Result "0-1"]
[WhiteElo "2080"]
[BlackElo "2355"]
[PlyCount "52"]
[EventDate "1995.10.07"]
[EventType "swiss"]
[EventRounds "9"]
[EventCountry "IOM"]
[SourceTitle "BritBase"]

1. d4 g6 2. Nf3 Bg7 3. Bf4 d6 4. e3 Nd7 5. h3 e5 6. Bh2 e4 7. Nfd2 f5 8. Be2
Ne7 9. c4 O-O 10. Nc3 Nf6 11. O-O g5 12. c5 d5 13. Nb5 Ne8 14. c6 Nxc6 15. Rc1
Be6 16. Nb3 a6 17. Rxc6 bxc6 18. Nc5 Bc8 19. Nc3 f4 20. Bg4 Nd6 21. Be6+ Kh8
22. Qg4 Nc4 23. Bxc8 Qxc8 24. b3 Qxg4 25. hxg4 fxe3 26. Ne6 Nd2 0-1

[Event "Monarch Assurance Isle of Man 4th"]
[Site "Port Erin IOM"]
[Date "1995.10.08"]
[Round "2"]
[White "Van Mil, Johannes A J"]
[Black "Ryan, Joseph"]
[Result "1-0"]
[WhiteElo "2435"]
[BlackElo "2210"]
[PlyCount "107"]
[EventDate "1995.10.07"]
[EventType "swiss"]
[EventRounds "9"]
[EventCountry "IOM"]
[SourceTitle "BritBase"]

1. e4 d5 2. exd5 Qxd5 3. Nc3 Qg5 4. Bc4 Nf6 5. Nge2 c6 6. O-O Bg4 7. h3 Bh5 8.
Qe1 Nbd7 9. Nf4 O-O-O 10. d4 Nb6 11. Bb3 e6 12. Qe5 Bb4 13. Nxh5 Nxh5 14. Ne4
Qxe5 15. dxe5 Nd5 16. Ng5 Rdf8 17. c3 Bc5 18. c4 Ndf4 19. Bd1 Be7 20. Ne4 g6
21. Bxh5 Nxh5 22. Bh6 Rfg8 23. g4 f5 24. exf6 Nxf6 25. Ng5 Re8 26. Rfe1 Bb4 27.
Re2 e5 28. Bg7 Nd7 29. Bxh8 Rxh8 30. Rd1 h5 31. Ne4 hxg4 32. hxg4 Rf8 33. Kg2
Kc7 34. a3 Be7 35. b4 a5 36. c5 axb4 37. axb4 Ra8 38. Nc3 Ra3 39. Re3 Ra8 40.
Rf3 Rf8 41. Rxf8 Bxf8 42. Ne4 Be7 43. Rh1 Nf8 44. Kf3 b6 45. Ke3 bxc5 46. Nxc5
Kb6 47. Ke4 Kb5 48. Nd3 Nd7 49. Nxe5 Nxe5 50. Kxe5 Kxb4 51. Rh6 c5 52. Rxg6 c4
53. Rc6 Bc5 54. Kd5 1-0

[Event "Monarch Assurance Isle of Man 4th"]
[Site "Port Erin IOM"]
[Date "1995.10.08"]
[Round "2"]
[White "Welling, Gerard"]
[Black "Rosten, Oliver"]
[Result "1-0"]
[WhiteElo "2415"]
[BlackElo "2190"]
[PlyCount "45"]
[EventDate "1995.10.07"]
[EventType "swiss"]
[EventRounds "9"]
[EventCountry "IOM"]
[SourceTitle "BritBase"]

1. d4 e6 2. Nf3 Nf6 3. Bg5 Be7 4. Nbd2 b6 5. e4 Bb7 6. Bd3 d6 7. Qe2 Nbd7 8.
O-O-O h6 9. Bh4 g5 10. Bg3 Nh5 11. Rhf1 c6 12. e5 d5 13. Ng1 Nf4 14. Bxf4 gxf4
15. Qh5 Qc7 16. Nh3 Rf8 17. Nxf4 O-O-O 18. Kb1 c5 19. c3 c4 20. Be2 b5 21. Rc1
a5 22. Qxh6 Rh8 23. Qg7 1-0

[Event "Monarch Assurance Isle of Man 4th"]
[Site "Port Erin IOM"]
[Date "1995.10.09"]
[Round "3"]
[White "Arakhamia Grant, Ketevan"]
[Black "Churm, Rohan"]
[Result "1-0"]
[WhiteElo "2420"]
[BlackElo "2115"]
[PlyCount "43"]
[EventDate "1995.10.07"]
[EventType "swiss"]
[EventRounds "9"]
[EventCountry "IOM"]
[SourceTitle "BritBase"]

1. e4 e5 2. Nf3 Nc6 3. Bc4 Bc5 4. b4 Bxb4 5. c3 Be7 6. d4 Nf6 7. dxe5 Nxe4 8.
Qd5 O-O 9. Qxe4 Bf6 10. O-O Re8 11. Bxf7+ Kxf7 12. Qd5+ Kf8 13. exf6 Qxf6 14.
Ng5 Qg6 15. f4 Ne7 16. Qc4 h6 17. Nf3 d5 18. Qxc7 Bh3 19. Rf2 Rac8 20. Qe5 Nf5
21. Qxd5 Red8 22. Ba3+ 1-0

[Event "Monarch Assurance Isle of Man 4th"]
[Site "Port Erin IOM"]
[Date "1995.10.09"]
[Round "3"]
[White "Baburin, Alexander"]
[Black "Ellison, Derek George"]
[Result "1-0"]
[WhiteElo "2495"]
[BlackElo "2140"]
[PlyCount "71"]
[EventDate "1995.10.07"]
[EventType "swiss"]
[EventRounds "9"]
[EventCountry "IOM"]
[SourceTitle "BritBase"]

1. d4 f5 2. g3 Nf6 3. Bg2 g6 4. Nf3 Bg7 5. O-O O-O 6. c4 d6 7. Nc3 Nc6 8. d5
Na5 9. Nd2 c5 10. a3 Bd7 11. Rb1 a6 12. Qc2 b5 13. cxb5 axb5 14. b4 cxb4 15.
Rxb4 Qc7 16. Qd3 Rab8 17. Nxb5 Qc5 18. Nb3 Bxb5 19. Nxc5 Bxd3 20. Nxd3 Rxb4 21.
axb4 Nc4 22. Bg5 Ra8 23. Rc1 Nb6 24. Bxf6 Bxf6 25. h4 Na4 26. Rc7 Nc3 27. Bf3
Nb5 28. Rb7 Nd4 29. Kg2 Kf7 30. e3 Nxf3 31. Kxf3 Ra7 32. b5 Bc3 33. b6 Ra8 34.
Rc7 Be5 35. b7 Rb8 36. Nb4 1-0

[Event "Monarch Assurance Isle of Man 4th"]
[Site "Port Erin IOM"]
[Date "1995.10.09"]
[Round "3"]
[White "Bisby, Daniel L"]
[Black "Wells, Peter K"]
[Result "0-1"]
[WhiteElo "2120"]
[BlackElo "2545"]
[PlyCount "96"]
[EventDate "1995.10.07"]
[EventType "swiss"]
[EventRounds "9"]
[EventCountry "IOM"]
[SourceTitle "BritBase"]

1. d4 Nf6 2. c4 e6 3. Nf3 b6 4. a3 Ba6 5. Qc2 Bb7 6. Nc3 c5 7. e4 cxd4 8. Nxd4
Nc6 9. Nxc6 Bxc6 10. Bf4 Bc5 11. Rd1 Nh5 12. Bd6 Bxd6 13. Rxd6 O-O 14. Be2 Nf4
15. Bf3 Qg5 16. g3 Ng6 17. Qd2 Qxd2+ 18. Rxd2 f5 19. Bg2 Ne5 20. Rd4 fxe4 21.
Nxe4 Rac8 22. O-O Bxe4 23. Rxe4 Nxc4 24. Rd1 Rc7 25. Bf1 b5 26. Rdd4 Rfc8 27.
a4 a6 28. axb5 axb5 29. b3 Na3 30. Bd3 Rb8 31. Rd6 Kf7 32. Rf4+ Ke7 33. Rfd4 b4
34. Ra6 h6 35. Ra4 Rc1+ 36. Kg2 Rd1 37. Ra7 Rd8 38. Rxb4 Rxd3 39. Rxa3 Rf8 40.
Ra2 Rc3 41. Rb7 Rfc8 42. Rd2 R8c7 43. Rxc7 Rxc7 44. Rd3 d5 45. h3 Rc2 46. g4
Kd6 47. Kg3 e5 48. f3 d4 0-1

[Event "Monarch Assurance Isle of Man 4th"]
[Site "Port Erin IOM"]
[Date "1995.10.09"]
[Round "3"]
[White "Buckley, Graeme"]
[Black "Sadler, Matthew"]
[Result "0-1"]
[WhiteElo "2355"]
[BlackElo "2565"]
[PlyCount "94"]
[EventDate "1995.10.07"]
[EventType "swiss"]
[EventRounds "9"]
[EventCountry "IOM"]
[SourceTitle "BritBase"]

1. g3 d5 2. Bg2 Nf6 3. d3 c6 4. Nd2 e5 5. e4 Bd6 6. Ngf3 O-O 7. O-O Re8 8. Re1
Bg4 9. h3 Bh5 10. c3 Nbd7 11. Qc2 a5 12. a4 Qc7 13. Nh4 Bf8 14. Nf1 dxe4 15.
dxe4 Nc5 16. Bg5 Nfd7 17. Bf3 Bxf3 18. Nxf3 b5 19. axb5 cxb5 20. Red1 Nb6 21.
b4 Nca4 22. bxa5 Rxa5 23. Be3 Nc4 24. Rd3 Rc8 25. Rad1 Ncb2 26. Rd7 Qxc3 27.
Qb1 Nxd1 28. Qxd1 Nb2 29. Qd5 Qc4 30. Nxe5 Qxd5 31. exd5 Nc4 32. Nc6 Ra1 33.
Bd4 Ra2 34. Rb7 Nd6 35. Rb6 Rca8 36. Ne3 R2a6 37. Rxa6 Rxa6 38. Kf1 Ra2 39. Nd1
b4 40. Nb2 Nb5 41. Nc4 Nxd4 42. Nxd4 Bc5 43. Nb3 Bxf2 44. g4 Bg3 45. d6 Kf8 46.
Nd4 Rf2+ 47. Kg1 Rf4 0-1

[Event "Monarch Assurance Isle of Man 4th"]
[Site "Port Erin IOM"]
[Date "1995.10.09"]
[Round "3"]
[White "Conlon, Joseph P"]
[Black "Martinovsky, Eugene"]
[Result "1-0"]
[WhiteElo "2040"]
[BlackElo "2305"]
[PlyCount "69"]
[EventDate "1995.10.07"]
[EventType "swiss"]
[EventRounds "9"]
[EventCountry "IOM"]
[SourceTitle "BritBase"]

1. e4 e5 2. Nf3 Nc6 3. Bb5 a6 4. Ba4 g6 5. d4 exd4 6. Nxd4 Bg7 7. Be3 Nf6 8.
Nc3 O-O 9. O-O b5 10. Bb3 Na5 11. e5 Ne8 12. Bd5 Bb7 13. Bxb7 Nxb7 14. f4 f6
15. Ndxb5 fxe5 16. Qd5+ Kh8 17. Qxb7 exf4 18. Rxf4 Rxf4 19. Bxf4 axb5 20. Qxb5
Rb8 21. Qe2 Rxb2 22. Re1 Nf6 23. Nb5 Rxa2 24. Bxc7 Qa8 25. Be5 h5 26. Qf2 Qc6
27. Nd4 Qb6 28. Rf1 Ra6 29. Qf4 Kh7 30. h3 Nd5 31. Qf7 Nf6 32. Bxf6 Qxf6 33.
Rxf6 Rxf6 34. Qxd7 Rf4 35. Ne6 1-0

[Event "Monarch Assurance Isle of Man 4th"]
[Site "Port Erin IOM"]
[Date "1995.10.09"]
[Round "3"]
[White "Costello, Colin"]
[Black "Howell, James C"]
[Result "0-1"]
[WhiteElo "2115"]
[BlackElo "2525"]
[PlyCount "66"]
[EventDate "1995.10.07"]
[EventType "swiss"]
[EventRounds "9"]
[EventCountry "IOM"]
[SourceTitle "BritBase"]

1. c4 g6 2. Nc3 Bg7 3. g3 e5 4. Bg2 f5 5. d3 d6 6. Nf3 Nf6 7. O-O O-O 8. Rb1 c6
9. b4 a6 10. a4 h6 11. b5 axb5 12. axb5 c5 13. Bb2 Be6 14. Ra1 Nbd7 15. Rxa8
Qxa8 16. Qb3 Nb6 17. Nd2 Rd8 18. Ra1 Qb8 19. Qa3 Qc7 20. Qa7 e4 21. Na4 Nxa4
22. Rxa4 Ng4 23. Bxg7 Qxg7 24. Qb6 Rd7 25. h3 e3 26. fxe3 Nxe3 27. Bf3 Qd4 28.
Kh2 Qb2 29. Ra8+ Kh7 30. Qa5 Qxd2 31. Qa1 Rg7 32. Bxb7 Qxe2+ 33. Kh1 d5 0-1

[Event "Monarch Assurance Isle of Man 4th"]
[Site "Port Erin IOM"]
[Date "1995.10.09"]
[Round "3"]
[White "Engqvist, Thomas"]
[Black "Bellin, Jana"]
[Result "1-0"]
[WhiteElo "2405"]
[BlackElo "2210"]
[PlyCount "67"]
[EventDate "1995.10.07"]
[EventType "swiss"]
[EventRounds "9"]
[EventCountry "IOM"]
[SourceTitle "BritBase"]

1. d4 c5 2. d5 e5 3. e4 d6 4. Nc3 Nf6 5. Nf3 Be7 6. Be2 a6 7. a4 O-O 8. O-O Ne8
9. Nd2 Nd7 10. Nc4 Nb6 11. Na3 Bg5 12. a5 Bxc1 13. Qxc1 Nd7 14. Nc4 b5 15. axb6
Nxb6 16. Na5 Nc7 17. f4 exf4 18. Qxf4 f6 19. Nc6 Qd7 20. Qg3 Ne8 21. Nd1 Bb7
22. Bg4 Qc7 23. Be6+ Kh8 24. Na5 Bc8 25. Bxc8 Rxc8 26. Qd3 c4 27. Qd4 Nd7 28.
Nc6 Ne5 29. Rxa6 Qb7 30. Qb6 Qd7 31. Ra7 Qg4 32. Nxe5 dxe5 33. Nf2 Qf4 34. d6
1-0

[Event "Monarch Assurance Isle of Man 4th"]
[Site "Port Erin IOM"]
[Date "1995.10.09"]
[Round "3"]
[White "Gibeon, David"]
[Black "Hartman, Christer"]
[Result "1/2-1/2"]
[WhiteElo "2075"]
[BlackElo "2345"]
[PlyCount "97"]
[EventDate "1995.10.07"]
[EventType "swiss"]
[EventRounds "9"]
[EventCountry "IOM"]
[SourceTitle "BritBase"]

1. d4 d5 2. Nf3 Nf6 3. e3 e6 4. Bd3 c5 5. b3 Nc6 6. a3 Bd6 7. Bb2 Qc7 8. Nbd2
e5 9. dxe5 Nxe5 10. Bb5+ Bd7 11. Bxd7+ Nfxd7 12. O-O O-O 13. Nxe5 Bxe5 14. Bxe5
Nxe5 15. f4 Nc6 16. Qf3 Rad8 17. c3 f5 18. b4 Rfe8 19. Nb3 c4 20. Nd4 Nxd4 21.
exd4 Re4 22. Rae1 Rde8 23. Rxe4 Rxe4 24. g3 Qd7 25. Qd1 Re3 26. Rf3 Qe8 27. Kf2
Re4 28. Qf1 Qa4 29. Qc1 Qb3 30. Kf1 Kf7 31. Rf2 h5 32. Kg2 g6 33. Kf1 Re6 34.
Kg2 Qa4 35. Kf1 Qe8 36. Qd2 Qa4 37. Qc1 Qb3 38. Kg2 Ke7 39. Kf1 Kd7 40. Kg2 Kc6
41. Kf3 Kb5 42. Qa1 Ra6 43. Ra2 Ra4 44. Qe1 Qxa2 45. Qe8+ Kb6 46. Qxa4 a6 47.
Qa5+ Ka7 48. Qc5+ Ka8 49. b5 1/2-1/2

[Event "Monarch Assurance Isle of Man 4th"]
[Site "Port Erin IOM"]
[Date "1995.10.09"]
[Round "3"]
[White "Hansen, Soren Bech"]
[Black "Stuart, E Leslie"]
[Result "1-0"]
[WhiteElo "2295"]
[BlackElo "2080"]
[PlyCount "57"]
[EventDate "1995.10.07"]
[EventType "swiss"]
[EventRounds "9"]
[EventCountry "IOM"]
[SourceTitle "BritBase"]

1. e4 c5 2. Nf3 e6 3. Nc3 a6 4. d4 cxd4 5. Nxd4 d6 6. Bc4 b5 7. Bb3 Nf6 8. f3
Be7 9. Be3 O-O 10. Qd2 Bd7 11. g4 Nc6 12. g5 Nh5 13. Nxc6 Bxc6 14. Ne2 a5 15.
a3 Ra6 16. Ng3 g6 17. Nxh5 gxh5 18. Rg1 a4 19. Ba2 b4 20. Bc4 bxa3 21. Bxa6
axb2 22. Rb1 a3 23. Bc4 Qa8 24. Ba2 d5 25. Bd4 dxe4 26. g6 Bh4+ 27. Kd1 fxg6
28. Bxe6+ Rf7 29. Qh6 1-0

[Event "Monarch Assurance Isle of Man 4th"]
[Site "Port Erin IOM"]
[Date "1995.10.09"]
[Round "3"]
[White "Hebden, Mark"]
[Black "Arkell, Keith C"]
[Result "1/2-1/2"]
[WhiteElo "2570"]
[BlackElo "2505"]
[PlyCount "229"]
[EventDate "1995.10.07"]
[EventType "swiss"]
[EventRounds "9"]
[EventCountry "IOM"]
[SourceTitle "BritBase"]

1. d4 Nf6 2. Nf3 c5 3. d5 b5 4. c4 bxc4 5. Nc3 d6 6. e4 g6 7. e5 dxe5 8. Nxe5
Bg7 9. Bxc4 O-O 10. O-O Ba6 11. Re1 Bxc4 12. Nxc4 Nbd7 13. Qf3 Re8 14. Bg5 h6
15. Bh4 Nb6 16. Ne5 g5 17. Bg3 Nbxd5 18. Rad1 e6 19. h4 Qe7 20. hxg5 hxg5 21.
Nb5 a6 22. Na3 Nb4 23. Qb3 Rad8 24. Nac4 Rxd1 25. Rxd1 Nbd5 26. Qa4 Ra8 27. Qc6
Qe8 28. Qb7 Ne4 29. Bh2 Rd8 30. Re1 Nd6 31. Nxd6 Rxd6 32. Nc4 Rd7 33. Qxa6 Nb4
34. Qb5 Qd8 35. Ne3 Rd2 36. Bg3 Nxa2 37. Qxc5 Bxb2 38. Bc7 Qf6 39. Ng4 Qg6 40.
Be5 Bxe5 41. Qxe5 Kf8 42. Qa5 Rc2 43. Qd8+ Kg7 44. Qd4+ f6 45. Rxe6 Rc1+ 46.
Kh2 Qh5+ 47. Kg3 Rc3+ 48. Ne3 Qh4+ 49. Qxh4 gxh4+ 50. Kxh4 Rc5 51. g4 Nc3 52.
Nf5+ Kf7 53. Re7+ Kf8 54. Re1 Nd5 55. Re4 Kf7 56. Kh5 Rc1 57. Kh4 Rh1+ 58. Kg3
Rg1+ 59. Kh3 Rh1+ 60. Kg2 Rd1 61. Ra4 Rd3 62. Rd4 Rxd4 63. Nxd4 Kg6 64. Kg3 Ne7
65. Nf3 Nd5 66. Nh4+ Kf7 67. Kf3 Ke6 68. Ng6 Kf7 69. Nf4 Ne7 70. Ke4 Nc6 71.
Nd3 Ne7 72. Kd4 Kg6 73. f4 Ng8 74. Nf2 Nh6 75. Ke3 Nf7 76. Nh3 Nh6 77. Kf3 Nf7
78. f5+ Kg7 79. Ke4 Nh6 80. Kf4 Nf7 81. Kg3 Ne5 82. Nf4 Nc4 83. Nd5 Kf7 84. Kf4
Nd6 85. Ke3 Nc4+ 86. Ke4 Nd2+ 87. Kd4 Nf3+ 88. Kc5 Ne5 89. Ne3 Ke7 90. Kd5 Nf3
91. Nf1 Ng5 92. Nh2 Kd7 93. Nf1 Ke7 94. Nd2 Nf7 95. Ke4 Nd6+ 96. Kf4 Kf7 97.
Ne4 Nc4 98. Nc3 Ne5 99. Nd5 Nd3+ 100. Ke4 Nf2+ 101. Kf3 Nd3 102. Ne3 Nc5 103.
Kf4 Ke7 104. Nd5+ Kf7 105. Ke3 Nd7 106. Ke4 Nc5+ 107. Kd4 Nd7 108. Ne3 Ke7 109.
Kd5 Ne5 110. Kc5 Kd7 111. Kd4 Ke7 112. Kd5 Nd3 113. Kc6 Nb4+ 114. Kc7 Na6+ 115.
Kc6 1/2-1/2

[Event "Monarch Assurance Isle of Man 4th"]
[Site "Port Erin IOM"]
[Date "1995.10.09"]
[Round "3"]
[White "Lalic, Bogdan"]
[Black "Pliester, Leon"]
[Result "1-0"]
[WhiteElo "2590"]
[BlackElo "2375"]
[PlyCount "91"]
[EventDate "1995.10.07"]
[EventType "swiss"]
[EventRounds "9"]
[EventCountry "IOM"]
[SourceTitle "BritBase"]

1. d4 Nf6 2. c4 e6 3. Nf3 b6 4. e3 Bb7 5. Bd3 c5 6. Nc3 Be7 7. O-O cxd4 8. exd4
O-O 9. d5 h6 10. Bc2 Bb4 11. Ne4 exd5 12. Nxf6+ Qxf6 13. cxd5 Ba6 14. Bd3 Bxd3
15. Qxd3 a5 16. a3 Bd6 17. Be3 Na6 18. Bd4 Nc5 19. Qb5 Qg6 20. Rad1 a4 21. g3
Qc2 22. Nd2 Rfb8 23. Nc4 Bc7 24. d6 Bd8 25. Rde1 Qb3 26. Qxb3 axb3 27. Nd2 Bf6
28. Bxf6 gxf6 29. Re3 Re8 30. Rf3 Re6 31. Nxb3 Nxb3 32. Rxb3 Rxd6 33. Rc1 Re8
34. Rc4 Ree6 35. Rg4+ Kf8 36. Rh4 Rd1+ 37. Kg2 d5 38. Rhb4 d4 39. Rxb6 Rd2 40.
Rxe6 fxe6 41. a4 d3 42. Kf3 Rd1 43. Ke3 d2 44. Ra3 Rb1 45. Kxd2 Rxb2+ 46. Kc3
1-0

[Event "Monarch Assurance Isle of Man 4th"]
[Site "Port Erin IOM"]
[Date "1995.10.09"]
[Round "3"]
[White "Sher, Miron N"]
[Black "Lalic, Susan"]
[Result "1/2-1/2"]
[WhiteElo "2510"]
[BlackElo "2315"]
[PlyCount "57"]
[EventDate "1995.10.07"]
[EventType "swiss"]
[EventRounds "9"]
[EventCountry "IOM"]
[SourceTitle "BritBase"]

1. c4 e5 2. Nc3 Bb4 3. Nd5 Be7 4. d4 exd4 5. Qxd4 Nf6 6. Nxe7 Qxe7 7. Qe3 Nc6
8. Qxe7+ Kxe7 9. Nf3 d5 10. cxd5 Nxd5 11. a3 Rd8 12. Bd2 Bf5 13. e3 Nf6 14. Bb5
Be4 15. Rc1 Rd6 16. Bc3 Nd5 17. Bd2 Nf6 18. Bc3 Nd5 19. O-O Nxc3 20. Rxc3 Bxf3
21. gxf3 Rg6+ 22. Kh1 Rd8 23. Bd3 Rgd6 24. Be4 Rd1 25. Rxd1 Rxd1+ 26. Kg2 Kd6
27. f4 h6 28. Kf3 Rd2 29. Bxc6 1/2-1/2

[Event "Monarch Assurance Isle of Man 4th"]
[Site "Port Erin IOM"]
[Date "1995.10.09"]
[Round "3"]
[White "Stohl, Igor"]
[Black "Grant, Jonathan"]
[Result "1-0"]
[WhiteElo "2525"]
[BlackElo "2275"]
[PlyCount "65"]
[EventDate "1995.10.07"]
[EventType "swiss"]
[EventRounds "9"]
[EventCountry "IOM"]
[SourceTitle "BritBase"]

1. Nf3 Nf6 2. c4 e6 3. Nc3 c5 4. g3 d5 5. cxd5 exd5 6. d4 Nc6 7. Bg2 Be7 8. O-O
O-O 9. Bg5 cxd4 10. Nxd4 h6 11. Be3 Re8 12. Rc1 Bg4 13. h3 Be6 14. Qa4 Nxd4 15.
Bxd4 Ne4 16. Nxe4 dxe4 17. Rfd1 Bd7 18. Qb3 Bg5 19. e3 b6 20. h4 Be6 21. Qc2
Bf6 22. Qxe4 Rc8 23. Rxc8 Bxc8 24. Qc2 Bg4 25. Rd2 Qe7 26. Bxf6 Qxf6 27. Qa4
Qe6 28. Bd5 Qc8 29. Rc2 Bd1 30. Bxf7+ Kxf7 31. Qxa7+ Kg8 32. Rxc8 Rxc8 33. Qxb6
1-0

[Event "Monarch Assurance Isle of Man 4th"]
[Site "Port Erin IOM"]
[Date "1995.10.09"]
[Round "3"]
[White "Tolhuizen, Ludo"]
[Black "Spanton, Timothy"]
[Result "1/2-1/2"]
[WhiteElo "2255"]
[BlackElo "2060"]
[PlyCount "35"]
[EventDate "1995.10.07"]
[EventType "swiss"]
[EventRounds "9"]
[EventCountry "IOM"]
[SourceTitle "BritBase"]

1. d4 Nf6 2. Nf3 d5 3. Bg5 c5 4. Nc3 Nc6 5. e3 g6 6. dxc5 Bg7 7. Be2 O-O 8. O-O
Ne4 9. Nxe4 dxe4 10. Nd2 Qd5 11. Bh4 Rd8 12. Nb3 Bxb2 13. Qxd5 Rxd5 14. Rad1
Be6 15. Rxd5 Bxd5 16. c4 Be6 17. Rb1 Bc3 18. Rd1 1/2-1/2

[Event "Monarch Assurance Isle of Man 4th"]
[Site "Port Erin IOM"]
[Date "1995.10.09"]
[Round "3"]
[White "Wilman, Carey"]
[Black "Welling, Gerard"]
[Result "0-1"]
[WhiteElo "2080"]
[BlackElo "2415"]
[PlyCount "120"]
[EventDate "1995.10.07"]
[EventType "swiss"]
[EventRounds "9"]
[EventCountry "IOM"]
[SourceTitle "BritBase"]

1. d4 c5 2. c4 cxd4 3. Qxd4 Nc6 4. Qd1 Nf6 5. Nc3 e6 6. Nf3 Bb4 7. Bd2 O-O 8.
Qc2 d5 9. e3 e5 10. cxd5 Nxd5 11. Be2 Nxc3 12. Bxc3 Bxc3+ 13. Qxc3 e4 14. Rd1
Qe7 15. Nd4 Ne5 16. O-O Qg5 17. f4 exf3 18. Nxf3 Nxf3+ 19. Bxf3 Qe7 20. Qb3 Be6
21. Bd5 Bxd5 22. Rxd5 Rad8 23. Rfd1 Rxd5 24. Rxd5 Rc8 25. Rd1 g6 26. Qd3 Qe5
27. Qd2 Re8 28. Rc1 Qe6 29. b3 Qxe3+ 30. Qxe3 Rxe3 31. Rc7 Re1+ 32. Kf2 Rb1 33.
Rxb7 Rb2+ 34. Kf3 Rxa2 35. h4 h5 36. g4 hxg4+ 37. Kxg4 Ra1 38. Rb5 Rg1+ 39. Kf4
Rh1 40. Kg5 Kg7 41. Rb7 Rg1+ 42. Kf4 Rh1 43. Kg5 a6 44. Ra7 Ra1 45. b4 Rg1+ 46.
Kf4 Kh6 47. Ke5 f5 48. Rxa6 Rg4 49. b5 Rxh4 50. Kf6 Rb4 51. Ra1 Kh5 52. Rh1+
Kg4 53. Kxg6 f4 54. Rh5 f3 55. Rg5+ Kh3 56. Rf5 Kg2 57. Rg5+ Kf1 58. Rf5 f2 59.
Kf6 Kg2 60. Rg5+ Kf3 0-1

[Event "Monarch Assurance Isle of Man 4th"]
[Site "Port Erin IOM"]
[Date "1995.10.10"]
[Round "4"]
[White "Arkell, Keith C"]
[Black "Conlon, Joseph P"]
[Result "1-0"]
[WhiteElo "2505"]
[BlackElo "2040"]
[PlyCount "129"]
[EventDate "1995.10.07"]
[EventType "swiss"]
[EventRounds "9"]
[EventCountry "IOM"]
[SourceTitle "BritBase"]

1. d4 Nf6 2. Nf3 g6 3. b4 Bg7 4. Bb2 O-O 5. Nbd2 d6 6. e3 Bf5 7. Be2 Nbd7 8. c4
e5 9. Nh4 Ne4 10. Nxf5 gxf5 11. Bd3 exd4 12. Bxd4 Bxd4 13. exd4 Qg5 14. Nf3 Qf6
15. O-O Kh8 16. Qc2 c6 17. Bxe4 fxe4 18. Qxe4 Rae8 19. Qd3 Re7 20. Rfe1 Rfe8
21. Rxe7 Rxe7 22. h3 Nb6 23. Rb1 Qe6 24. d5 Qg6 25. Qxg6 hxg6 26. dxc6 bxc6 27.
c5 dxc5 28. bxc5 Nd5 29. Nd4 Rc7 30. g3 Kg7 31. Kg2 Kf6 32. f4 Kg7 33. Kf3 Kf6
34. Rb3 Kg7 35. g4 Kf6 36. h4 Kg7 37. g5 Ne7 38. Ke4 Rd7 39. a4 f5+ 40. Ke3
Nd5+ 41. Kf3 Ne7 42. Nc2 Kf7 43. Ne3 Rd4 44. Rb7 Rxa4 45. h5 Ke6 46. h6 Ra1 47.
Kg2 Ra2+ 48. Kg1 Ra1+ 49. Nf1 Ra3 50. Kh2 Ra2+ 51. Kg3 Ra3+ 52. Kf2 Rh3 53.
Rxa7 Nd5 54. Ra4 Nc3 55. Rc4 Ne4+ 56. Kg2 Rb3 57. Rc2 Kf7 58. Ra2 Rb7 59. Ra8
Ke6 60. Rg8 Rb2+ 61. Kg1 Nf2 62. h7 Nh3+ 63. Kh1 Nf2+ 64. Kg2 Ng4+ 65. Kg1 1-0